[Event "Las Americas U1800 U16 rapid op"]
[Site "Tornelo INT"]
[Date "2023.01.14"]
[Round "4"]
[White "Ramirez Sarapura, Sara Johanna"]
[Black "Ramirez Espino, Alessandro"]
[Result "0-1"]
[WhiteElo "1332"]
[BlackElo "1443"]
[PlyCount "72"]
[EventDate "2023.01.14"]
[EventType "swiss (rapid)"]
[EventRounds "7"]
[EventCountry "VEN"]
[SourceTitle "CBM 212 Extra"]
[Source "ChessBase"]
[SourceDate "2023.03.31"]
[SourceVersion "1"]
[SourceVersionDate "2023.03.31"]
[SourceQuality "1"]

1. d4 d5 2. Bf4 Nf6 3. e3 e6 4. Nf3 Bd6 5. Bg3 0-0 6. Bd3 Nbd7 7. Nbd2 Re8 8. c3 e5 9. dxe5 Nxe5 10. Nxe5 Bxe5 11. Bxe5 Rxe5 12. Nf3 Bg4 13. h3 Bxf3 14. gxf3 c6 15. Qd2 Qa5 16. Kd1 b5 17. a3 Rd8 18. b4 Qb6 19. Rg1 Ne4 20. Qc2 Re7 21. Kc1 Nf6 22. Kb2 Rde8 23. Rg2 Kh8 24. Rag1 g6 25. f4 Qc7 26. f5 Ne4 27. fxg6 fxg6 28. f3 Nd6 29. Bxg6 Rf8 30. Rg3 Nc4+ 31. Ka2 Nxe3 32. Qd3 hxg6 33. Qxg6 Nf5 34. Rg5 Qd7 35. Rh5+ Rh7 36. Rgg5 Nh4 0-1